| 000 | 00708nam a2200241 a 4500 | ||
|---|---|---|---|
| 001 | 32601 | ||
| 003 | AR-RoBPED | ||
| 005 | 20260505171412.0 | ||
| 008 | 260422s2007 ag |||| |||| 001 1 spa d | ||
| 020 | _a9789871093045 | ||
| 040 | _aAR-RoBPED | ||
| 041 | _aspa | ||
| 100 | 1 |
_aSófocles, 496-406 a J.C. _97815 |
|
| 245 | 1 |
_aAntígona / _cSófocles ; estudio preliminar Juan F. Drago Burgos |
|
| 260 |
_aBuenos Aires : _bGradifco, _c2007. |
||
| 300 | _a61 p. | ||
| 650 | 4 |
_aLITERATURA GRIEGA _92140 |
|
| 650 | 4 |
_aTEATRO _9241 |
|
| 650 | 4 |
_aTRAGEDIA _96117 |
|
| 700 |
_aDrago Burgos, Juan F. _930766 |
||
| 942 |
_2udc _ak. 32601 _cBK _h875-2 _mS 65 _pInv. 42409 |
||
| 945 | _amm 22/04/2026; fd 24/04/2026 | ||
| 999 |
_c32601 _d32601 |
||